Probabilidad y estadística: aplicaciones y métodos
Guardat en:
| Autor principal: | |
|---|---|
| Format: | Llibre |
| Idioma: | espanyol |
| Publicat: |
Madrid
McGraw Hill
1997
|
| Matèries: | |
| Etiquetes: |
Afegir etiqueta
Sense etiquetes, Sigues el primer a etiquetar aquest registre!
|
MARC
| LEADER | 00000nam a2200000 a 4500 | ||
|---|---|---|---|
| 001 | UCR6058 | ||
| 003 | CL-VaPUC | ||
| 008 | 980420e19970000SP |||||||||||||||||spa|d | ||
| 082 | 0 | 4 | |a 519.5 |b CAN |2 21 |
| 100 | 0 | |a Canavos, George C |e author |9 407135 | |
| 245 | 1 | 0 | |a Probabilidad y estadística: aplicaciones y métodos |
| 300 | |a 651 p | ||
| 942 | |c BK | ||
| 945 | |d 19980420 00:00:00 |a rleighto | ||
| 260 | |a Madrid |b McGraw Hill |c 1997 | ||
| 650 | 0 | |a Probabilidad |9 349606 | |
| 650 | 0 | |a Estadísticas |9 258644 | |
| 650 | 0 | |a Análisis de varianza |9 336938 | |
| 650 | 0 | |a Análisis de regresión |9 263763 | |
| 650 | 7 | |a METODOS NO PARAMETRICOS |2 CL-VaPUC |9 407136 | |
| 583 | |a last modification |c 19980420 00:00:00 |k Rodrigo Vera | ||
| 999 | |c 268369 |d 268367 | ||